00257nam a2200097Ia 4500008004100000100003200041245003100073260003000104300000900134650001600143190216s9999||||xx |||||||||||||| ||und|| aCozzens John And Faith Carl 0a69 Simple Noetherian Rings bCambridge Uty Pressc1975 a135p aMathematics